000
00308nam a22001337a 4500
020
_a
9788170263816
082
_a
297.09 RAM
100
_a
Ramkumar, Natrajan
245
_a
Spread of Islam in India
260
_a
New Delhi
_b
Heritage Publishers
_c
2017
300
_a
333
650
_a
Islam-India
942
_c
BK
999
_c
23143
_d
23143